00362nam a2200109 a 450000500170000000800410001705000170005824500310007565000190010699900190012595201080014420140513081050.0020606s19uu xx 00 eng d aP 372.7bWHI aWhich are the same shape?. aShapes--Poster c116281d116281 001040aELbELcKITd2002-06-06eLib. Fundl0oP 372.7 WHIpE251r2014-05-13 00:00:00w2014-05-13yKIT